| 000 | 01138nam a22002177a 4500 | ||
|---|---|---|---|
| 005 | 20150114155240.0 | ||
| 008 | 150114b ck || |r|||| 00| 0 spa d | ||
| 040 |
_aCO-BoIAVH _cCO-BoIAVH |
||
| 041 | _aspa | ||
| 044 | _ack | ||
| 090 |
_aEA _b00259 |
||
| 245 |
_aCartilla de Animales Silvestres de la Sierra Nevada de Santa Marta: _bMaterial educativo de apoyo para escuelas, colegios y hogares para la protección de especies silvestres de la Sierra Nevada de Santa Marta |
||
| 260 |
_aSanta Marta : _bAgencia de los Estados Unidos para el Desarrollo Internacional-USAID, _bColtabaco, _bFundación Panamericana para el Desarrollo-FUPAD, _bFundación Pro-SierraNevada de Santa Marta, _c[Sin fecha de publicación] |
||
| 300 |
_a41 pag _bIl. _c23 cm. |
||
| 504 | _aIncluye referencias bibliográficas | ||
| 650 |
_aFauna silvestre _xConservación _zSanta Marta (Dpt. Colombia) _931497 |
||
| 650 | 6 |
_aConservación de la vida silvestre _zSanta Marta (Dpt. Colombia) _931498 |
|
| 650 | 6 |
_aDerechos de los animales _zSanta Marta (Dpt. Colombia) _931499 |
|
| 650 |
_aRelaciones hombre animal _zSanta Marta (Dpt. Colombia) _931500 |
||
| 942 |
_2z _cLIBRO |
||
| 999 |
_c8971 _d8971 |
||